Statistiche per Paesi che contengono una lettera - NN+

Clicka qui per fare il quiz!

Statistiche generali

  • Questo quiz è stato fatto 57 volte
  • Il punteggio medio è 8 su 19

Statistiche sulle risposte

CategoriaPaese% Corretto
2 x NNuova Zelanda
71%
5 x NSaint Vincent e Grenadine
58%
2 x NBosnia ed Erzegovina
53%
2 x NIndonesia
53%
2 x NSaint Kitts e Nevis
53%
2 x NSan Marino
53%
2 x NMontenegro
50%
2 x NRepubblica Centrafricana
50%
2 x NPapua Nuova Guinea
45%
2 x NRegno Unito
45%
2 x NRepubblica Dominicana
45%
2 x NLiechtenstein
39%
2 x NAfghanistan
37%
2 x NFinlandia
32%
2 x NMacedonia del Nord
32%
2 x NArgentina
29%
2 x NTanzania
29%
2 x NTurkmenistan
24%
2 x NBenin
8%

Distribuzione punteggi

Percentile per numero di risposta

Percentuale di utenti per punteggio

I tuoi punteggi nel tempo

Non hai fatto questo quiz